[Event "ROM-ch U16 Girls"]
[Site "Calimanesti"]
[Date "2014.04.09"]
[Round "5"]
[White "Constandache, Maria Alexandra"]
[Black "Bitica, Stefania"]
[Result "0-1"]
[WhiteElo "1001"]
[BlackElo "1422"]
[PlyCount "106"]
[EventDate "2014.04.06"]
[EventType "swiss"]
[EventRounds "9"]
[EventCountry "ROU"]
[SourceTitle "CBM 160 Extra"]
[Source "ChessBase"]
[SourceDate "2014.07.01"]
[SourceVersion "1"]
[SourceVersionDate "2014.07.01"]
[SourceQuality "1"]

1. e4 c5 2. Nf3 e6 3. Nc3 Nc6 4. d4 cxd4 5. Nxd4 Qc7 6. Nxc6 bxc6 7. a3 Nf6 8. Bc4 Bc5 9. 0-0 d5 10. exd5 cxd5 11. Bb5+ Bd7 12. b4 Bd6 13. Be3 Qxc3 14. Bxd7+ Kxd7 15. Bd4 Qc7 16. c3 Bxh2+ 17. Kh1 Be5 18. Qa4+ Ke7 19. Bxe5 Qxe5 20. Rfc1 Rhc8 21. b5 Nd7 22. Kg1 Rc4 23. Qa5 Qd6 24. Re1 Qb6 25. Qxb6 axb6 26. Rec1 Ra5 27. a4 Rcxa4 28. Rxa4 Rxa4 29. Kf1 Nc5 30. f3 Ra3 31. Ke2 Ra2+ 32. Ke3 Rxg2 33. Kd4 Rb2 34. Ke3 Rxb5 35. c4 Rb3+ 36. Kd4 Rd3+ 37. Ke5 Rxf3 38. cxd5 Nd3+ 39. Ke4 Nxc1 40. Kd4 Rf5 41. dxe6 Kxe6 42. Ke3 Ra5 43. Kd2 Ra3 44. Kxc1 Ra2 45. Kb1 Rh2 46. Kc1 Kf5 47. Kd1 Kf4 48. Ke1 Kf3 49. Kd1 Ke3 50. Kc1 Kd3 51. Kb1 Kc3 52. Ka1 Kb3 53. Kb1 Rh1# 0-1